|
|
|
|
| LEADER |
00000nab a2200000 a 4500 |
| 001 |
vtls010716066 |
| 003 |
SK-MaSNL |
| 005 |
20260304185928.0 |
| 008 |
250709s2012 xo |||||||||||||||||slo| |
| 035 |
|
|
|a (urnnbn)urn:nbn:sk:snk:ar-a04lty
|
| 035 |
|
|
|a (uuid)fe4633d8-136a-401d-af90-a7868c873275
|
| 035 |
|
|
|a urn:nbn:sk:snk-ab3i5f
|
| 040 |
|
|
|a SNKBUCL
|b slo
|c SNKBUCL
|e AACR2
|
| 041 |
0 |
|
|a slo
|
| 044 |
|
|
|a xo
|c SK
|
| 100 |
1 |
|
|a Žák, Štefan
|c (poľnohospodársky odborník)
|4 aut
|9 7920
|
| 245 |
1 |
0 |
|a Vplyv obrábania pôdy na úrodu silážnej kukurice
|c Š. Žák, R. Hašana, K. Hrčková, R. Bušo
|
| 700 |
1 |
|
|a Hašana, Roman
|4 aut
|9 20480
|
| 700 |
1 |
|
|a Hrčková, K.
|4 aut
|9 229822
|
| 700 |
1 |
|
|a Bušo, Rastislav
|4 aut
|9 313828
|
| 773 |
0 |
|
|t Naše pole : odborný mesačník pre pestovateľov rastlín
|g Roč. 16, č. 6 (2012), s. [42]-43
|
| 850 |
|
|
|a Slovenská národná knižnica
|
| 852 |
|
|
|a Slovenská národná knižnica
|
| 954 |
|
|
|a odborná, vedecká literatúra pôvodná (slovenská)
|2 lita
|
| 958 |
|
|
|a article1
|
| 958 |
|
|
|a OND
|
| 958 |
|
|
|a EUIPO
|
| 999 |
|
|
|c 3047021
|d 3048951
|